Statistics for Every City in South America with over 2 million people

Click here to take the quiz!

General Stats

  • This quiz has been taken 25 times
    (4 since last reset)
  • The average score is 23 of 25

Answer Stats

PopulationCityCountry% Correct
2 mio peopleBèlemBrazil
100%
6 mio peopleBelo HorizonteBrazil
100%
9 mio peopleBogotaColombia
100%
6 mio peopleBrasília/GoiâniaBrazil
100%
16 mio peopleBuenos AiresArgentina
100%
3 mio peopleCaliColombia
100%
5 mio peopleCaracasVenezuela
100%
3 mio peopleFortalezaBrazil
100%
4 mio peopleGuayaquilEcuador
100%
2 mio peopleLa PazBolivia
100%
10 mio peopleLimaPeru
100%
2 mio peopleManausBrazil
100%
4 mio peopleMédellinColombia
100%
2 mio peopleMontevideoUrurguay
100%
2 mio peoplePorto AlegreBrazil
100%
3 mio peopleQuitoEcuador
100%
4 mio peopleRecifeBrazil
100%
13 mio peopleRio De Janeiro
Brazil
100%
7 mio peopleSantiagoChile
100%
22 mio peopleSão PauloBrazil
100%
3 mio peopleCuritibaBrazil
67%
2 mio peopleMaracaiboVenezuela
67%
4 mio peopleSalvadorBrazil
67%
2 mio peopleSanta CruzBolivia
67%
2 mio peopleCampinasBrazil
33%

Score Distribution

Percentile by Number Answered

Percent of People with Each Score

Your Score History

You have not taken this quiz since the last reset